Principles of soil and plant water relations (Record no. 42491)

MARC details
000 -LEADER
fixed length control field 00399nam a2200145Ia 4500
020 ## - INTERNATIONAL STANDARD BOOK NUMBER
ISBN 0124097510
082 ## - DEWEY DECIMAL CLASSIFICATION NUMBER
Classification number 631.432.3
Item number KIR
100 ## - MAIN ENTRY--AUTHOR NAME
Personal name Kirkham, M B
245 #0 - TITLE STATEMENT
Title Principles of soil and plant water relations
260 ## - PUBLICATION, DISTRIBUTION, ETC. (IMPRINT)
Place of publication USA
Name of publisher Elsevier Academic Press
Year of publication 2005
650 ## - SUBJECT ADDED ENTRY--TOPICAL TERM
Topical Term Soil water relationship
650 ## - SUBJECT ADDED ENTRY--TOPICAL TERM
Topical Term Water potentials
942 ## - ADDED ENTRY ELEMENTS (KOHA)
Koha item type Books
Holdings
Withdrawn status Lost status Damaged status Not for loan Home library Current library Date acquired Full call number Accession Number Koha item type
        RRII Library RRII Library 16/12/2021 631.432.3 KIR 22763 Books